My knowledge #1: Seinfeld part 1: main characters - Statistics

General Stats
  • This quiz has been taken 81 times
  • The average score is 7 of 8
Answer Stats
Hint Answer % Correct
friend George
100%
main character Jerry
99%
neighbor Kramer
99%
friend that Jerry used to date Elaine
97%
Jerry's enemy Newman
95%
George's fiance Susan
95%
bad comedian Bania
65%
wears only a bra Sue Ellen
62%
No matching quizzes found
Score Distribution
Percent of People with Each Score
Percentile by Number Answered
Your Score History
You have not taken this quiz